| 000 | 01143cam a22003254a 4500 | ||
|---|---|---|---|
| 999 |
_c2334 _d2334 |
||
| 001 | 13260191 | ||
| 003 | GZU | ||
| 005 | 20201028151555.0 | ||
| 008 | 030702s2004 ctu b 001 0 eng | ||
| 010 | _a 2003057997 | ||
| 020 | _a0275980200 (alk. paper) | ||
| 040 |
_aDLC _cDLC _dDLC |
||
| 042 | _apcc | ||
| 043 | _af------ | ||
| 050 | 0 | 0 |
_aHC800 _b.AFR 2004 |
| 245 | 0 | 0 |
_aAfrica at the crossroads : _bbetween regionalism and globalization / _cedited by John Mukum Mbaku and Suresh Chandra Saxena. |
| 260 |
_aWestport, Conn. : _bPraeger, _c2004. |
||
| 300 |
_axviii, 466 p. ; _c25 cm. |
||
| 504 | _aIncludes bibliographical references (p. [429]-442) and index. | ||
| 650 | 0 |
_aRegionalism _zAfrica. |
|
| 650 | 0 |
_aGlobalization _xEconomic aspects _zAfrica. |
|
| 651 | 0 |
_aAfrica _xEconomic policy. |
|
| 651 | 0 |
_aAfrica _xEconomic integration. |
|
| 651 | 0 |
_aAfrica _xEconomic conditions _y1960- |
|
| 651 | 0 |
_aAfrica _xPolitics and government _y1960- |
|
| 700 | 1 |
_aMbaku, John Mukum, _d1950- _eeditor |
|
| 700 | 1 |
_aSaxena, Suresh Chandra, _d1933- _eeditor |
|
| 906 |
_a7 _bcbc _corignew _d1 _eocip _f20 _gy-gencatlg |
||
| 942 |
_2lcc _cBK _h800 _iAFR _kHC |
||